Countries With the Highest Number of Computers - Statistics

General Stats
  • This quiz has been taken 42 times
  • The average score is 9 of 10
Answer Stats
Hint Answer % Correct
71.500.000 Germany
100%
195.100.000 China
97%
53.500.000 France
97%
53.500.000 Russia
97%
310.600.000 United States
97%
57.000.000 India
95%
54.500.000 United Kingdom
95%
98.100.000 Japan
92%
48.100.000 Brazil
87%
44.700.000 Italy
84%
No matching quizzes found
Score Distribution
Percent of People with Each Score
Percentile by Number Answered
Your Score History
You have not taken this quiz